Deutsche Volkskunst /

Hlavní autor: Hahm, Konrad, 1892-1943
Jazyk: Němčina
Vydáno: Berlin : Deutsche Buch-Gemeinschaft, 1928
Fyzický popis: 122 s., obr. příl. : il.
Knihy
Uloženo v:
LEADER 00598nam a22001932a 4500
001 001741916
003 CZ BrMZK
005 20240517134006.0
007 ta
008 200409s1928 gw af er|||||||||||ger d
040 |a BOA001  |b cze  |e aacr2 
100 1 |a Hahm, Konrad,  |d 1892-1943  |7 xx0253941  |4 aut 
245 1 0 |a Deutsche Volkskunst /  |c Konrad Hahm 
260 |a Berlin :  |b Deutsche Buch-Gemeinschaft,  |c 1928 
300 |a 122 s., obr. příl. :  |b il. 
910 |a BOA001  |b 3-0284.505 
990 |a BK 
991 |b 202004 
996 7 |b 2618881053  |c 3-0284.505  |l MZK  |r Sklad / do 1 hodiny  |n 0  |w 001793829  |u 000010  |a 1  |e BOA001  |j MZK50  |s A